GUTS (spilled) - Olivia Rodrigo - Statistics

General Stats
  • This quiz has been taken 96 times
  • The average score is 13 of 17
Answer Stats
GUTS (spilled) % Correct
All American bitch
95%
Lacy
87%
Obsessed
87%
Vampire
87%
Bad idea right
84%
Ballad of a homeschooled girl
82%
Scared of my guitar
82%
Get him back
80%
Making the bed
78%
So American
78%
The grudge
75%
Pretty isn’t pretty
73%
Teenage dream
73%
Logical
71%
Stranger
69%
Girl I’ve always been
67%
Love is embarrassing
62%
No matching quizzes found
Score Distribution
Percent of People with Each Score
Percentile by Number Answered
Your Score History
You have not taken this quiz